Аналитические записки. Т.2, №6: Центральная Азия: проблемы регионального развития и геополитического окружения (Запись № 4060675)
[ простой вид ]
| 000 -МАРКЕР | |
|---|---|
| контрольное поле | 01148nam2a22002531 4500 |
| 001 - ИДЕНТИФИКАТОР ЗАПИСИ | |
| контрольное поле | RU\NLR\INFOCOMM20\5000110262 |
| 005 - ИДЕНТИФИКАТОР ВЕРСИИ | |
| контрольное поле | 20250616233427.0 |
| 035 ## - ДРУГИЕ СИСТЕМНЫЕ НОМЕРА | |
| Идентификатор записи | (NLR Aleph) 002283090 |
| 100 ## - ДАННЫЕ ОБЩЕЙ ОБРАБОТКИ | |
| Данные общей обработки | 20050819d2003 |||y0rusy50 ca |
| 101 0# - ЯЗЫК РЕСУРСА | |
| Язык текста, звукозаписи и т.д. | русский |
| 102 ## - СТРАНА ПУБЛИКАЦИИ ИЛИ ПРОИЗВОДСТВА | |
| Страна публикации | российская федерация |
| 105 ## - ПОЛЕ КОДИРОВАННЫХ ДАННЫХ: ТЕКСТОВЫЕ МАТЕРИАЛЫ, МОНОГРАФИЧЕСКИЕ | |
| Кодированные данные о монографическом текстовом документе | y ||||000|y |
| 200 1# - ЗАГЛАВИЕ И СВЕДЕНИЯ ОБ ОТВЕТСТВЕННОСТИ | |
| Основное заглавие | Центральная Азия: проблемы регионального развития и геополитического окружения |
| Первые сведения об ответственности | Д. Трофимов |
| 210 ## - ПУБЛИКАЦИЯ, РАСПРОСТРАНЕНИЕ И ДР. | |
| Дата издания, распространения и т.д. | 2003 |
| Место издания, распространения и т.д. | Б. м. |
| 461 #0 - УРОВЕНЬ НАБОРА | |
| Встроенное поле | 001RU\NLR\INFOCOMM20\5000110250 |
| -- | 2001#$aАналитические записки$fИн-т прикл. междунар. исслед.$vТ.2, №6 |
| Системный номер (АБИС) связанной записи | 4101914 |
| Автор | Институт прикладных международных исследований (Москва)) |
| Место публикации | М. |
| Дата публикации | 2003- |
| Первые сведения об ответственности | Ин-т прикл. междунар. исслед. |
| Имя издателя, распространителя и т.д. | ИПМИ |
| Заглавие | Аналитические записки |
| Номер тома | Т.2, №6 |
| 700 #1 - ИМЯ ЛИЦА - ПЕРВИЧНАЯ ОТВЕТСТВЕННОСТЬ | |
| Начальный элемент ввода | Трофимов |
| Часть имени, кроме начального элемента ввода | Д. |
| Код отношения | Автор |
| 801 #1 - ИСТОЧНИК ЗАПИСИ | |
| Страна | российская федерация |
| Организация | InfoComm |
| Дата составления | 20050819 |
| 801 #0 - ИСТОЧНИК ЗАПИСИ | |
| Страна | российская федерация |
| Организация | NLR |
| Правила каталогизации | PSBO |
| 852 ## - МЕСТОНАХОЖДЕНИЕ И ШИФР ХРАНЕНИЯ | |
| Идентификатор организации | NLR |
| Шифр хранения (Call Number) | П23/5600 |
| 942 ## - ДОПОЛНИТЕЛЬНЫЕ ЭЛЕМЕНТЫ ЗАПИСИ (АБИС) | |
| Тип экземпляра АБИС | Выпуск |
| 980 ## - КОЛЛЕКЦИЯ | |
| Название коллекции | Национальная библиография |
| 980 ## - КОЛЛЕКЦИЯ | |
| Название коллекции | Русская периодика |
Нет доступных экземпляров.